Normal view
MARC view
Entry Personal Name
001 - CONTROL NUMBER
- control field: 7280
003 - CONTROL NUMBER IDENTIFIER
- control field: BD-RjUL
005 - DATE AND TIME OF LATEST TRANSACTION
- control field: 20230405112608.0
008 - FIXED-LENGTH DATA ELEMENTS
- fixed length control field: 230405|| aca||aabn | a|a d
040 ## - CATALOGING SOURCE
- Original cataloging agency: BD-RjUL
- Transcribing agency: BD-RjUL
100 ## - HEADING--PERSONAL NAME
- Personal name: Qureshi, Ansarul Haq
670 ## - SOURCE DATA FOUND
- Source citation: Work cat.: (BD-RjUL)81326: Qureshi, Ansarul Haq , رب العالمين ورحمة للعالمين rabu alealamin warahmat lilealamin /